Welcome to CU Library Online Public Access Catalogue (OPAC)

Media, advertising & entertainment law throughout the world / (Record no. 633)

MARC details
000 -LEADER
fixed length control field 01283cas a2200325 a 4500
001 - CONTROL NUMBER
control field 16897518
003 - CONTROL NUMBER IDENTIFIER
control field OSt
005 - DATE AND TIME OF LATEST TRANSACTION
control field 20241105130147.0
008 - FIXED-LENGTH DATA ELEMENTS--GENERAL INFORMATION
fixed length control field 241105c20119999mnuar b 0 a0eng
020 ## - INTERNATIONAL STANDARD BOOK NUMBER
International Standard Book Number 9789381082317
050 00 - LIBRARY OF CONGRESS CALL NUMBER
Classification number K4240.A15 / .M43
Item number M44 2012/2019
082 10 - DEWEY DECIMAL CLASSIFICATION NUMBER
Classification number 343.09
Edition information 14
245 00 - TITLE STATEMENT
Title Media, advertising & entertainment law throughout the world /
Statement of responsibility, etc. editor-in-chief: Andrew B. Ulmer; Frost Brown Todd LLC
250 ## - EDITION STATEMENT
Edition statement Volume 2
Remainder of edition statement 2012, 2019
260 ## - PUBLICATION, DISTRIBUTION, ETC.
Name of publisher, distributor, etc. Thomson Reuters
Date of publication, distribution, etc. 2012, 2019
300 ## - PHYSICAL DESCRIPTION
Extent cvi, 916 pages
Dimensions 22 cm
500 ## - GENERAL NOTE
General note Andrew B. Ulmer, editor-in-chief ; and Multilaw international contributors, 2011 ed.-<br/><br/>International Edition West
500 ## - GENERAL NOTE
General note Formerly issued as loose-leaf of the same title, 2008-2010.
650 #0 - SUBJECT ADDED ENTRY--TOPICAL TERM
Topical term or geographic name entry element Mass media
General subdivision Law and legislation.
650 #0 - SUBJECT ADDED ENTRY--TOPICAL TERM
Topical term or geographic name entry element Advertising laws.
650 #0 - SUBJECT ADDED ENTRY--TOPICAL TERM
Topical term or geographic name entry element Performing arts
General subdivision Law and legislation.
650 #0 - SUBJECT ADDED ENTRY--TOPICAL TERM
Topical term or geographic name entry element Law and art.
650 #7 - SUBJECT ADDED ENTRY--TOPICAL TERM
Topical term or geographic name entry element Advertising laws.
Source of heading or term fast
Authority record control number or standard number (OCoLC)fst00797864
650 #7 - SUBJECT ADDED ENTRY--TOPICAL TERM
Topical term or geographic name entry element Law and art.
Source of heading or term fast
Authority record control number or standard number (OCoLC)fst00993894
650 #7 - SUBJECT ADDED ENTRY--TOPICAL TERM
Topical term or geographic name entry element Mass media
General subdivision Law and legislation.
Source of heading or term fast
Authority record control number or standard number (OCoLC)fst01011258
650 #7 - SUBJECT ADDED ENTRY--TOPICAL TERM
Topical term or geographic name entry element Performing arts
General subdivision Law and legislation.
Source of heading or term fast
Authority record control number or standard number (OCoLC)fst01057907
700 1# - ADDED ENTRY--PERSONAL NAME
Personal name Ulmer, Andrew B.
710 2# - ADDED ENTRY--CORPORATE NAME
Corporate name or jurisdiction name as entry element Multilaw.
942 ## - ADDED ENTRY ELEMENTS (KOHA)
Source of classification or shelving scheme Library of Congress Classification
Koha item type Books
Edition Volume 2 (2012, 2019)
Suppress in OPAC No
999 ## -
-- 633
-- 633
Holdings
Withdrawn status Lost status Source of classification or shelving scheme Damaged status Not for loan Collection Home library Current library Shelving location Date acquired Total checkouts Full call number Barcode Date last seen Copy number Price effective from Koha item type
    Library of Congress Classification     Non-fiction Law Library (Miotso) Law Library (Miotso) General stacks 11/05/2024   K4240.M43 MED llm00000586 11/05/2024 1 11/05/2024 Books
© 2023-2024 Copyright: Central University Libraries. All Rights Reserved | Created by: Mahone Tech Office